Name these Welsh People - Statistics

General Stats
  • This quiz has been taken 109 times
    106 since last reset
  • The average score is 6 of 16
Answer Stats
Picture Answer % Correct
Tom Jones
81%
Anthony Hopkins
80%
Gareth Bale
79%
Catherine Zeta-Jones
76%
Michael Sheen
49%
Shirley Bassey
44%
Bonnie Tyler
37%
Aneurin Bevan
35%
Aaron Ramsey
34%
Roald Dahl
34%
Taron Egerton
33%
Owain Glyndŵr
19%
Jonathan Pryce
15%
Saunders Lewis
6%
Henry Morton Stanley
1%
Kate Roberts
1%
No matching quizzes found
Score Distribution
Percent of People with Each Score
Percentile by Number Answered
Your Score History
You have not taken this quiz since the last reset